[Event "24. Open Pula 2010"]
[Site "Pula CRO"]
[Date "2010.06.19"]
[Round "1.11"]
[White "Fercec, Nenad"]
[Black "Jukic, Marinko"]
[Result "1-0"]
[WhiteElo "2492"]
[BlackElo "1985"]
[PlyCount "67"]
[EventDate "2010.06.19"]
[EventType "swiss"]
[EventRounds "9"]
[EventCountry "CRO"]
[Source "lmi"]
[SourceDate "2010.06.19"]

1. e4 c5 2. Nf3 d6 3. d4 cxd4 4. Nxd4 Nf6 5. Nc3 a6 6. Bg5 e5 7. Bxf6 gxf6 8.
Nf5 Be6 9. Nd5 Nc6 10. Bc4 Bxd5 11. Bxd5 Qd7 12. Qh5 Nd8 13. O-O-O Ne6 14. Bxe6
Qxe6 15. Rd5 O-O-O 16. g3 h6 17. Rhd1 Rg8 18. h4 Rg6 19. Kb1 Be7 20. Qe2 Rd7
21. c4 Rd8 22. c5 Rgg8 23. cxd6 Bf8 24. d7+ Kb8 25. Rd6 Bxd6 26. Rxd6 Qxd6 27.
Nxd6 Rxd7 28. Nf5 Rgd8 29. a3 Rd2 30. Qe3 R8d3 31. Qb6 a5 32. Qxa5 Rxf2 33. Qb6
Rfd2 34. Qe6 1-0